000 005520000a22001930004500
003 LK-CoMWRAF
005 20231006151723.0
008 230817t2004 ||||| |||| 00| 0 eng d
020 _a1902727231
040 _aLK-CoMWRAF
_dLK-CoMWRAF
_eLK-CoMWRAF
041 _aeng
082 _a297
_bBAA
100 _aBaaz, 'Abdul 'Azeez Ibn
245 _aThe Obligation of acting upon the sunnah of the messenger and the unbelief (Kufr) of those who reject it
260 _aU.K. :
_bMinhaaj As Sunnah,
_c2004
300 _a27p
650 _aIslam
942 _cBK
999 _c1046
_d1046